[Event "Muensterland Verbandsklasse 1718"]
[Site "Germany"]
[Date "2017.12.16"]
[Round "4.3"]
[White "Kasubke, Manfred"]
[Black "Van Dijk, Guido"]
[Result "1/2-1/2"]
[WhiteElo "1847"]
[BlackElo "1739"]
[PlyCount "50"]
[EventDate "2017.09.16"]
[EventType "team-tourn"]
[EventRounds "9"]
[EventCountry "GER"]
[SourceTitle "EXT 2019"]
[Source "ChessBase"]
[SourceDate "2018.10.10"]
[SourceVersion "1"]
[SourceVersionDate "2018.10.10"]
[SourceQuality "1"]
[WhiteTeam "Nordwalde"]
[BlackTeam "Rheine Klein Berlin II"]
[WhiteTeamCountry "GER"]
[BlackTeamCountry "GER"]

1. c4 c6 2. e4 d5 3. exd5 cxd5 4. d4 Nf6 5. Nc3 e6 6. Nf3 Bb4 7. a3 Bxc3+ 8. bxc3 Qa5 9. Qb3 Ne4 10. Bb2 0-0 11. cxd5 exd5 12. Bd3 Nc6 13. h3 Re8 14. 0-0 Rb8 15. Qc2 Be6 16. Rfe1 f5 17. Re3 Qc7 18. Rae1 b5 19. Nd2 Qf7 20. Bxe4 dxe4 21. f3 exf3 22. Nxf3 h6 23. Qe2 Bd7 24. Ne5 Nxe5 25. Rxe5 Rxe5 1/2-1/2

[Event "Muensterland Verbandsklasse 1617"]
[Site "Germany"]
[Date "2017.03.04"]
[Round "7.6"]
[White "Van de Vyle, Jan"]
[Black "Kasubke, Manfred"]
[Result "1/2-1/2"]
[WhiteElo "1750"]
[BlackElo "1889"]
[PlyCount "119"]
[EventDate "2016.09.24"]
[EventType "team"]
[EventRounds "9"]
[EventCountry "GER"]
[SourceTitle "EXT 2018"]
[Source "ChessBase"]
[SourceDate "2017.10.13"]
[SourceVersion "1"]
[SourceVersionDate "2017.10.13"]
[SourceQuality "1"]
[WhiteTeam "Nienberge II"]
[BlackTeam "Nordwalde"]
[WhiteTeamCountry "GER"]
[BlackTeamCountry "GER"]

1. e4 Nf6 2. e5 Nd5 3. d4 d6 4. c4 Nb6 5. exd6 cxd6 6. Nc3 g6 7. Be3 Bg7 8. Rc1 0-0 9. Nf3 Bg4 10. b3 Nc6 11. Be2 d5 12. c5 Nc8 13. h3 Bxf3 14. Bxf3 e6 15. 0-0 N8e7 16. Qd2 e5 17. Nb5 a6 18. Nd6 exd4 19. Bg5 Ne5 20. Bxd5 Qd7 21. Bxe7 Qxe7 22. Rfe1 Rad8 23. f4 Rxd6 24. cxd6 Qxd6 25. Bxb7 Nd7 26. Rc6 Qb8 27. Bxa6 Bf6 28. Rxf6 Nxf6 29. Qxd4 Nh5 30. Bc4 Nxf4 31. Re5 Nh5 32. Qe3 Qd6 33. a4 Ng7 34. a5 Nf5 35. Qe1 Qd4+ 36. Kh2 Qf4+ 37. g3 Qd4 38. a6 Rd8 39. Re8+ Kg7 40. Rxd8 Qxd8 41. Qe5+ f6 42. Qe1 Qc7 43. Qf2 h5 44. Bd3 h4 45. Bxf5 gxf5 46. a7 Qc6 47. gxh4 Kf7 48. h5 Qc7+ 49. Kg2 Qc6+ 50. Kf1 Qa6+ 51. Kg2 Qc6+ 52. Kg3 Qc3+ 53. Qf3 Qc7+ 54. Kf2 Qxa7+ 55. Ke1 Qa1+ 56. Qd1 Qc3+ 57. Ke2 Qxh3 58. Qd7+ Kf8 59. Qd8+ Kf7 60. Qd7+ 1/2-1/2

[Event "Muensterland Verbandsliga 0708"]
[Site "Germany"]
[Date "2008.04.26"]
[Round "9.3"]
[White "Kasubke, Manfred"]
[Black "Kolakovic, Klaudio"]
[Result "0-1"]
[WhiteElo "1923"]
[BlackElo "2052"]
[PlyCount "96"]
[EventDate "2007.09.08"]
[EventType "team"]
[EventRounds "9"]
[EventCountry "GER"]
[SourceTitle "EXT 2009"]
[Source "ChessBase"]
[SourceDate "2008.11.26"]
[SourceVersion "1"]
[SourceVersionDate "2008.11.26"]
[SourceQuality "1"]
[WhiteTeam "Nordwalde"]
[BlackTeam "Stadtlohn"]
[WhiteTeamCountry "GER"]
[BlackTeamCountry "GER"]

1. c4 d6 2. d4 e5 3. dxe5 dxe5 4. Qxd8+ Kxd8 5. Nc3 c6 6. Nf3 f6 7. e4 Bc5 8. Be3 Bxe3 9. fxe3 Na6 10. Bd3 Be6 11. Rd1 Nh6 12. a3 Ke7 13. b3 Nc5 14. Bc2 a5 15. h3 Nf7 16. Kf2 Nd6 17. Nd2 a4 18. b4 Nb3 19. c5 Nc4 20. Nxc4 Bxc4 21. Rd6 Rhd8 22. Rhd1 Rxd6 23. Rxd6 Na1 24. Bxa4 b5 25. Rd1 bxa4 26. Rxa1 Bb3 27. b5 cxb5 28. Nxb5 Ra5 29. Nc3 Rxc5 30. Rc1 Ke6 31. Ne2 Rxc1 32. Nxc1 Bc2 33. Kf3 Kd6 34. Na2 Kc5 35. Nb4 Bd1+ 36. Kf2 Kc4 37. Ke1 Bh5 38. Kd2 Bg6 39. g4 Bxe4 40. Na6 Bg2 41. h4 Bh3 42. g5 Kb3 43. Nc7 Kxa3 44. Kc3 Ka2 45. gxf6 gxf6 46. Nd5 f5 47. Nb4+ Kb1 48. Nd3 a3 0-1

[Event "Muensterland Verbandsklasse-A 0506"]
[Site "Germany"]
[Date "2006.01.21"]
[Round "5.2"]
[White "Rueberg, Jobst"]
[Black "Kasubke, Manfred"]
[Result "1/2-1/2"]
[WhiteElo "2242"]
[BlackElo "1936"]
[PlyCount "29"]
[EventDate "2005.09.03"]
[EventType "team"]
[EventRounds "9"]
[EventCountry "GER"]
[SourceTitle "EXT 2006"]
[Source "ChessBase"]
[SourceDate "2005.11.24"]
[SourceVersion "1"]
[SourceVersionDate "2005.11.24"]
[SourceQuality "1"]
[WhiteTeam "Sendenhorst"]
[BlackTeam "Nordwalde"]
[WhiteTeamCountry "GER"]
[BlackTeamCountry "GER"]

1. e4 Nf6 2. Nc3 d5 3. e5 d4 4. exf6 dxc3 5. fxg7 cxd2+ 6. Bxd2 Bxg7 7. Qf3 Bxb2 8. Rd1 Qd4 9. Ne2 Qf6 10. Qg3 Nc6 11. Rb1 Qg7 12. Qb3 Be5 13. f4 Bf6 14. g3 0-0 15. Bg2 1/2-1/2

[Event "Muensterland Verbandsklasse-A 0506"]
[Site "Germany"]
[Date "2005.12.10"]
[Round "4.2"]
[White "Kasubke, Manfred"]
[Black "Kemper, Georg"]
[Result "1-0"]
[WhiteElo "1936"]
[BlackElo "1961"]
[PlyCount "83"]
[EventDate "2005.09.03"]
[EventType "team"]
[EventRounds "9"]
[EventCountry "GER"]
[SourceTitle "EXT 2006"]
[Source "ChessBase"]
[SourceDate "2005.11.24"]
[SourceVersion "1"]
[SourceVersionDate "2005.11.24"]
[SourceQuality "1"]
[WhiteTeam "Nordwalde"]
[BlackTeam "Nienberge"]
[WhiteTeamCountry "GER"]
[BlackTeamCountry "GER"]

1. c4 e6 2. Nf3 Nf6 3. g3 b6 4. Bg2 Bb7 5. 0-0 Be7 6. d4 0-0 7. d5 exd5 8. Nh4 c6 9. cxd5 Nxd5 10. Nf5 Na6 11. e4 Ndc7 12. Nc3 d5 13. Qg4 Bf6 14. exd5 cxd5 15. Rd1 Nc5 16. Bf4 N5e6 17. Bd6 h5 18. Qb4 Re8 19. Bxc7 Nxc7 20. Ne4 Bc8 21. Ne3 Be7 22. Qb3 Be6 23. Qc2 Rc8 24. Qe2 g6 25. Rac1 Qd7 26. Qd2 Red8 27. Qe2 Qe8 28. Nd2 Bf6 29. b3 Bg4 30. Bf3 d4 31. Nxg4 hxg4 32. Bxg4 Qxe2 33. Bxe2 Nd5 34. Ne4 Bg7 35. Bc4 Nc3 36. Nxc3 dxc3 37. Rxd8+ Rxd8 38. Rc2 Rd1+ 39. Kg2 Rb1 40. h4 Kf8 41. Bd3 Ke7 42. Re2+ 1-0

[Event "Muensterland Verbandsklasse-A 0506"]
[Site "Germany"]
[Date "2005.09.03"]
[Round "1.2"]
[White "Meyer, Ulrich"]
[Black "Kasubke, Manfred"]
[Result "1-0"]
[WhiteElo "2190"]
[BlackElo "1936"]
[PlyCount "51"]
[EventDate "2005.09.03"]
[EventType "team"]
[EventRounds "9"]
[EventCountry "GER"]
[SourceTitle "EXT 2006"]
[Source "ChessBase"]
[SourceDate "2005.11.24"]
[SourceVersion "1"]
[SourceVersionDate "2005.11.24"]
[SourceQuality "1"]
[WhiteTeam "Muenster Indische Dame"]
[BlackTeam "Nordwalde"]
[WhiteTeamCountry "GER"]
[BlackTeamCountry "GER"]

1. e4 Nf6 2. e5 Nd5 3. d4 d6 4. f4 Bf5 5. Nf3 e6 6. Be2 c5 7. 0-0 Nc6 8. c4 Ndb4 9. d5 Bc2 10. Qd2 Bxb1 11. Rxb1 exd5 12. cxd5 Nb8 13. Bb5+ Ke7 14. a3 Qb6 15. Bc4 N4a6 16. Qe2 Kd8 17. Ng5 Qc7 18. e6 Kc8 19. Nxf7 Rg8 20. Qg4 Qe7 21. f5 Qf6 22. Bg5 Qd4+ 23. Qxd4 cxd4 24. e7 Bxe7 25. Bxe7 Kd7 26. Rfe1 1-0

[Event "Muensterland Verbandsklasse-A 0405"]
[Site "Muensterland"]
[Date "2005.01.22"]
[Round "5.2"]
[White "Kasubke, Manfred"]
[Black "Lemli, Thomas"]
[Result "1/2-1/2"]
[WhiteElo "1914"]
[BlackElo "1914"]
[PlyCount "119"]
[EventDate "2004.09.11"]
[EventType "team"]
[EventRounds "9"]
[EventCountry "GER"]
[SourceTitle "EXT 2006"]
[Source "ChessBase"]
[SourceDate "2005.11.24"]
[SourceVersion "1"]
[SourceVersionDate "2005.11.24"]
[SourceQuality "1"]
[WhiteTeam "Nordwalde"]
[BlackTeam "Emsdetten"]
[WhiteTeamCountry "GER"]
[BlackTeamCountry "GER"]

1. c4 Nf6 2. Nc3 e5 3. g3 Nc6 4. Bg2 g6 5. e3 Bg7 6. Nge2 d6 7. 0-0 0-0 8. h3 Be6 9. b3 Qd7 10. Kh2 d5 11. cxd5 Nxd5 12. Ne4 Qe7 13. Bb2 f5 14. N4c3 Rfd8 15. d4 exd4 16. exd4 Nxc3 17. Bxc3 Bd5 18. f3 Qd7 19. Qc2 Bf7 20. Rad1 Ne7 21. Qd2 Nd5 22. Ba1 Re8 23. f4 Ne3 24. Bxb7 Nxf1+ 25. Rxf1 Rab8 26. Bg2 Bd5 27. Rf2 Bxg2 28. Rxg2 c5 29. Qc2 cxd4 30. Qc4+ Qf7 31. Qxf7+ Kxf7 32. Nxd4 Rbc8 33. Bb2 Bxd4 34. Bxd4 a6 35. Be5 h5 36. g4 hxg4 37. hxg4 fxg4 38. Kg3 g5 39. Kxg4 gxf4 40. Kxf4 Rg8 41. Rh2 Rc1 42. Rh7+ Kg6 43. Re7 Rf8+ 44. Ke4 Re1+ 45. Kd5 Kf5 46. Bd6 Rxe7 47. Bxe7 Re8 48. Bc5 Rc8 49. b4 Kf4 50. a4 Kf3 51. a5 Ke2 52. Kd6 Kd3 53. Kd7 Rg8 54. Bd6 Kc4 55. Kc6 Rg6 56. b5 axb5 57. a6 Rg2 58. a7 Ra2 59. Kb7 Kd5 60. Bf8 1/2-1/2

[Event "Muensterland Verbandsklasse-A 0405"]
[Site "Muensterland"]
[Date "2004.11.27"]
[Round "4.2"]
[White "Lueke, Reinhard"]
[Black "Kasubke, Manfred"]
[Result "1-0"]
[WhiteElo "1921"]
[BlackElo "1914"]
[PlyCount "141"]
[EventDate "2004.09.11"]
[EventType "team"]
[EventRounds "9"]
[EventCountry "GER"]
[SourceTitle "EXT 2006"]
[Source "ChessBase"]
[SourceDate "2005.11.24"]
[SourceVersion "1"]
[SourceVersionDate "2005.11.24"]
[SourceQuality "1"]
[WhiteTeam "Emsdetten Turm III"]
[BlackTeam "Nordwalde"]
[WhiteTeamCountry "GER"]
[BlackTeamCountry "GER"]

1. c4 e5 2. Nc3 Nf6 3. e4 Bb4 4. Bd3 Bxc3 5. dxc3 0-0 6. Bg5 d6 7. Ne2 Bg4 8. f3 Be6 9. Qd2 Nbd7 10. Ng3 h6 11. Be3 Nc5 12. Be2 Nh7 13. h4 Qf6 14. 0-0-0 b5 15. Nf5 Bxf5 16. exf5 bxc4 17. Bxc4 Qxf5 18. g4 Qg6 19. g5 h5 20. b4 Rab8 21. Bxc5 dxc5 22. Bd3 Qb6 23. g6 fxg6 24. Rhg1 Rf6 25. Bc4+ Kh8 26. a3 cxb4 27. axb4 c5 28. Qe3 cxb4 29. Qxb6 Rfxb6 30. Bd3 Nf8 31. c4 a5 32. Rg5 Kh7 33. Rxh5+ Kg8 34. Rxe5 a4 35. Rb5 a3 36. Kc2 b3+ 37. Kxb3 Ne6 38. Kxa3 Rxb5 39. cxb5 Nf4 40. Bc4+ Kh7 41. Rb1 Kh6 42. b6 Kh5 43. b7 Kxh4 44. Ka4 Kg3 45. Rb3 g5 46. Ka5 g4 47. fxg4+ Kxg4 48. Ka6 g5 49. Ka7 Rxb7+ 50. Kxb7 Kh5 51. Rf3 Kg4 52. Rf1 Kg3 53. Rg1+ Kh4 54. Kc6 g4 55. Bd5 g3 56. Bf3 Nd3 57. Kd5 Nf2 58. Ke5 Kh3 59. Kf5 Kh2 60. Rg2+ Kh3 61. Bd5 Nd3 62. Bc6 Nf2 63. Kf4 Nd3+ 64. Ke3 Ne5 65. Bb7 Ng6 66. Rg1 Nh4 67. Rh1+ Kg4 68. Bc8+ Kg5 69. Rh3 g2 70. Kf2 Kh5 71. Rg3 1-0

[Event "Muensterland Verbandsklasse playoff0304"]
[Site "Germany"]
[Date "2004.07.10"]
[Round "1.3"]
[White "Kasubke, Manfred"]
[Black "Zachej, Arne"]
[Result "1-0"]
[WhiteElo "1886"]
[BlackElo "1828"]
[PlyCount "59"]
[EventDate "2003.??.??"]
[EventType "team"]
[EventRounds "1"]
[EventCountry "GER"]
[SourceTitle "EXT 2006"]
[Source "ChessBase"]
[SourceDate "2005.11.24"]
[SourceVersion "1"]
[SourceVersionDate "2005.11.24"]
[SourceQuality "1"]
[WhiteTeam "Nordwalde"]
[BlackTeam "Metelen"]
[WhiteTeamCountry "GER"]
[BlackTeamCountry "GER"]

1. c4 Nf6 2. Nc3 c6 3. e4 d5 4. e5 d4 5. exf6 dxc3 6. bxc3 gxf6 7. d4 Bf5 8. Bd3 Bxd3 9. Qxd3 Nd7 10. Nf3 Qc7 11. 0-0 e6 12. Re1 0-0-0 13. Qe4 f5 14. Qh4 h6 15. c5 Re8 16. Bf4 Qd8 17. Qxd8+ Rxd8 18. Rab1 Bg7 19. Rb3 Nf8 20. Reb1 Rd7 21. Ra3 Ng6 22. Bd6 b6 23. c4 Bf6 24. cxb6 axb6 25. c5 b5 26. Ra6 Bd8 27. a4 Kb7 28. axb5 cxb5 29. Rba1 Bc7 30. c6+ 1-0

[Event "Muensterland Verbandsklasse-A 0304"]
[Site "Germany"]
[Date "2004.02.14"]
[Round "6.3"]
[White "Kasubke, Manfred"]
[Black "Reinhold, Klaus"]
[Result "0-1"]
[WhiteElo "1886"]
[BlackElo "2152"]
[PlyCount "76"]
[EventDate "2003.09.20"]
[EventType "team"]
[EventRounds "9"]
[EventCountry "GER"]
[SourceTitle "EXT 2005"]
[Source "ChessBase"]
[SourceDate "2004.11.15"]
[SourceVersion "1"]
[SourceVersionDate "2004.11.15"]
[SourceQuality "1"]
[WhiteTeam "Nordwalde"]
[BlackTeam "Gronau"]
[WhiteTeamCountry "GER"]
[BlackTeamCountry "GER"]

1. c4 c6 2. e4 d5 3. cxd5 cxd5 4. exd5 Nf6 5. Bb5+ Nbd7 6. Nc3 a6 7. Qa4 Rb8 8. Bxd7+ Qxd7 9. Qxd7+ Bxd7 10. d4 Bf5 11. Bg5 Ne4 12. Bf4 Rd8 13. Nge2 g5 14. Be3 Bg7 15. f3 Nxc3 16. Nxc3 h6 17. g4 Bd3 18. b3 b5 19. Kd2 Bg6 20. b4 e5 21. dxe6 Bxd4 22. exf7+ Kxf7 23. Bxd4 Rxd4+ 24. Ke2 Re8+ 25. Kf2 Rd2+ 26. Kg3 Rd3 27. Rac1 Ree3 28. Nd1 Rxf3+ 29. Kg2 Be4 30. Rf1 Kg6 31. Rxf3 Bxf3+ 32. Kf2 Rxd1 33. Rc2 Bxg4 34. Rc6+ Kf5 35. Rxa6 Rd2+ 36. Kg3 h5 37. h4 gxh4+ 38. Kxh4 Rd3 0-1

[Event "Muensterland Verbandsklasse-A 0304"]
[Site "Germany"]
[Date "2003.12.13"]
[Round "4.3"]
[White "Kasubke, Manfred"]
[Black "Colmer, Willi"]
[Result "1/2-1/2"]
[WhiteElo "1886"]
[BlackElo "1809"]
[PlyCount "77"]
[EventDate "2003.09.20"]
[EventType "team"]
[EventRounds "9"]
[EventCountry "GER"]
[SourceTitle "EXT 2005"]
[Source "ChessBase"]
[SourceDate "2004.11.15"]
[SourceVersion "1"]
[SourceVersionDate "2004.11.15"]
[SourceQuality "1"]
[WhiteTeam "Nordwalde"]
[BlackTeam "Emsdetten Rochade"]
[WhiteTeamCountry "GER"]
[BlackTeamCountry "GER"]

1. c4 Nf6 2. Nc3 g6 3. e4 d6 4. d4 Bg7 5. f3 Nc6 6. Be3 a6 7. Qd2 h5 8. Nge2 Rb8 9. Nc1 e5 10. d5 Nd4 11. Nb3 Nxb3 12. axb3 h4 13. Be2 Nh5 14. b4 Nf4 15. Bd1 h3 16. Bxf4 hxg2 17. Qxg2 exf4 18. Ba4+ Kf8 19. 0-0-0 b5 20. cxb5 axb5 21. Bb3 Qf6 22. Kc2 Bh3 23. Qf2 Ra8 24. Ra1 Ke7 25. Ra7 Kd7 26. Rha1 Rxa7 27. Qxa7 Qd4 28. Qxd4 Bxd4 29. Nxb5 Be3 30. Ba4 Bg2 31. h4 Rxh4 32. Kd3 Rh2 33. Nd4+ Ke7 34. Bd1 Rh1 35. Nc2 Bb6 36. Be2 Rh3 37. Ne1 Rh1 38. Nc2 Rh3 39. Ne1 1/2-1/2

[Event "Muensterland Verbandsklasse-A 0304"]
[Site "Germany"]
[Date "2003.11.15"]
[Round "3.3"]
[White "Eissing, Christoph"]
[Black "Kasubke, Manfred"]
[Result "0-1"]
[WhiteElo "1956"]
[BlackElo "1886"]
[PlyCount "112"]
[EventDate "2003.09.20"]
[EventType "team"]
[EventRounds "9"]
[EventCountry "GER"]
[SourceTitle "EXT 2005"]
[Source "ChessBase"]
[SourceDate "2004.11.15"]
[SourceVersion "1"]
[SourceVersionDate "2004.11.15"]
[SourceQuality "1"]
[WhiteTeam "Gesch II"]
[BlackTeam "Nordwalde"]
[WhiteTeamCountry "GER"]
[BlackTeamCountry "GER"]

1. e4 Nf6 2. e5 Nd5 3. d4 d6 4. Bc4 Nb6 5. Bb3 dxe5 6. Qh5 e6 7. dxe5 a5 8. a4 Na6 9. Nc3 Nc5 10. Ba2 Nbxa4 11. Bg5 Qd4 12. Nf3 Qb4 13. Rd1 Bd7 14. Rxd7 g6 15. Qh3 Kxd7 16. 0-0 Nxb2 17. Bf6 Be7 18. Nd5 Qa3 19. Ra1 Bxf6 20. exf6 Kd8 21. Ne3 Qc3 22. Ng4 Nd7 23. Qh6 Nc4 24. Rf1 Nd6 25. Qg7 Re8 26. Qxh7 c6 27. Ng5 Qd4 28. h3 Kc7 29. Nxf7 Nxf7 30. Qxf7 Rf8 31. Qxg6 Nxf6 32. Bxe6 Qd6 33. Qg7+ Nd7 34. Re1 Rae8 35. Qg6 Re7 36. Re3 Nc5 37. Bf5 Rxe3 38. Nxe3 Qxg6 39. Bxg6 b5 40. h4 a4 41. c3 a3 42. Bb1 Ra8 43. Ba2 Nd3 44. Nc2 c5 45. h5 Nf4 46. Kf1 Nxh5 47. g4 Nf4 48. g5 Kb6 49. f3 Nd3 50. g6 c4 51. g7 Kc5 52. Nxa3 Rg8 53. Bb1 Rxg7 54. Ke2 Nf4+ 55. Kd2 Rg2+ 56. Kc1 Nd5 0-1

[Event "Muensterland Verbandsklasse-A 0203"]
[Site "Muensterland"]
[Date "2003.02.15"]
[Round "6.3"]
[White "Kasubke, Manfred"]
[Black "Reinhold, Klaus"]
[Result "1/2-1/2"]
[WhiteElo "1888"]
[BlackElo "2161"]
[PlyCount "65"]
[EventDate "2002.09.28"]
[EventType "team"]
[EventRounds "9"]
[EventCountry "GER"]
[SourceTitle "EXT 2004"]
[Source "ChessBase"]
[SourceDate "2003.11.25"]
[SourceVersion "1"]
[SourceVersionDate "2003.11.25"]
[SourceQuality "1"]
[WhiteTeam "Nordwalde"]
[BlackTeam "Gronau"]
[WhiteTeamCountry "GER"]
[BlackTeamCountry "GER"]

1. c4 c6 2. e4 d5 3. cxd5 cxd5 4. exd5 Nf6 5. Bb5+ Bd7 6. Bc4 b5 7. Bb3 Bg4 8. f3 Bf5 9. Qe2 a6 10. Qe5 Bxb1 11. Rxb1 Nbd7 12. Qd4 Nb6 13. Ne2 Nbxd5 14. Nc3 Nb6 15. Qxd8+ Rxd8 16. 0-0 e6 17. Rd1 Bc5+ 18. Kf1 0-0 19. Ne2 e5 20. d3 h6 21. Ng3 Nfd5 22. Nf5 Nb4 23. Ke2 Nc6 24. Be3 Bxe3 25. Kxe3 Nd4 26. Nxd4 Rxd4 27. Rbc1 Rfd8 28. Rc5 Nd5+ 29. Bxd5 R4xd5 30. Rxd5 Rxd5 31. d4 exd4+ 32. Rxd4 Rc5 33. Rd2 1/2-1/2

[Event "Oberliga NRW 8889 I"]
[Site "Germany"]
[Date "1989.??.??"]
[Round "1"]
[White "Freckmann, Mark"]
[Black "Kasubke, Manfred"]
[Result "1/2-1/2"]
[WhiteElo "2120"]
[BlackElo "1950"]
[PlyCount "57"]
[EventDate "1988.10.??"]
[EventType "team"]
[EventRounds "9"]
[EventCountry "GER"]
[SourceTitle "EXT 1997"]
[Source "ChessBase"]
[SourceDate "1996.11.15"]
[SourceVersion "1"]
[SourceVersionDate "1996.11.15"]
[SourceQuality "1"]
[WhiteTeam "Neheim"]
[BlackTeam "Nordwalde"]
[WhiteTeamCountry "GER"]
[BlackTeamCountry "GER"]

1. d4 f5 2. g3 g6 3. Bg2 Bg7 4. Nf3 Nh6 5. 0-0 Nf7 6. c4 0-0 7. Nc3 Nc6 8. Be3 e6 9. d5 Na5 10. Qa4 c6 11. dxe6 dxe6 12. Rfd1 Qc7 13. Rac1 b6 14. Nd2 Bd7 15. c5 b5 16. Qb4 Rab8 17. b3 e5 18. Nf3 h6 19. Rxd7 Qxd7 20. Qxa5 b4 21. Rd1 Qe7 22. Nb1 g5 23. Bc1 Rb5 24. Qa6 Rxc5 25. Be3 Rd5 26. Rc1 e4 27. Nfd2 Ne5 28. Nc4 f4 29. Bd2 1/2-1/2

[Event "Oberliga NRW 8889 I"]
[Site "Germany"]
[Date "1988.??.??"]
[Round "1"]
[White "Hoffmann, Matthias"]
[Black "Kasubke, Manfred"]
[Result "1-0"]
[WhiteElo "2245"]
[BlackElo "1950"]
[PlyCount "57"]
[EventDate "1988.10.??"]
[EventType "team"]
[EventRounds "9"]
[EventCountry "GER"]
[SourceTitle "EXT 1997"]
[Source "ChessBase"]
[SourceDate "1996.11.15"]
[SourceVersion "1"]
[SourceVersionDate "1996.11.15"]
[SourceQuality "1"]
[WhiteTeam "Bielefeld II"]
[BlackTeam "Nordwalde"]
[WhiteTeamCountry "GER"]
[BlackTeamCountry "GER"]

1. Nf3 g6 2. c4 Bg7 3. Nc3 f5 4. d4 Nh6 5. g3 Nf7 6. Bg2 0-0 7. 0-0 d6 8. d5 e5 9. dxe6 Bxe6 10. Nd4 Bc8 11. e4 c5 12. Nde2 Nc6 13. Be3 fxe4 14. Bxe4 Bg4 15. f3 Be6 16. b3 Ng5 17. Bd5 Bxd5 18. Qxd5+ Nf7 19. Rad1 Qe7 20. Ne4 Kh8 21. Kg2 Rad8 22. Nf4 Rfe8 23. Rfe1 Nb4 24. Qd2 b6 25. Bf2 Qd7 26. g4 Be5 27. Bh4 Rc8 28. Bf6+ Kg8 29. Bxe5 1-0